Loading...
| Literature - European | 0 | 8 | 1 | 0 | 75 | 11 | 43.38 | 3 | 6 | 0.00 | 0.00 |
| Literature - British | 0 | 6 | 1 | 0 | 55 | 34 | 58.83 | 1 | 5 | 0.00 | 0.00 |
| Religion | 0 | 5 | 0 | 0 | 50 | 27 | 52.80 | 0 | 4 | 0.00 | 0.00 |
| Literature - American | 0 | 5 | 1 | 2 | 45 | 36 | 61.80 | 2 | 4 | 0.00 | 0.00 |
| Literature - World | 0 | 4 | 0 | 0 | 40 | 40 | 59.00 | 1 | 3 | 0.00 | 0.00 |
| Science - Chemistry | 0 | 4 | 0 | 0 | 40 | 30 | 62.50 | 1 | 2 | 0.00 | 0.00 |
| Fine Arts - Other | 0 | 5 | 2 | 1 | 40 | 70 | 89.40 | 0 | 2 | 0.00 | 0.00 |
| Fine Arts - Classical Music | 0 | 4 | 1 | 0 | 35 | 44 | 57.75 | 2 | 3 | 0.00 | 0.00 |
| Mythology | 0 | 3 | 1 | 1 | 25 | 61 | 79.67 | 1 | 1 | 0.00 | 0.00 |
| History - World | 0 | 2 | 0 | 1 | 20 | 72 | 87.00 | 0 | 1 | 0.00 | 0.00 |
| Fine Arts - Painting and Sculpture | 0 | 2 | 0 | 0 | 20 | 18 | 44.00 | 1 | 2 | 0.00 | 0.00 |
| History - European | 0 | 2 | 0 | 1 | 20 | 63 | 89.50 | 0 | 0 | 0.00 | 0.00 |
| History - Other | 0 | 2 | 0 | 1 | 20 | 104 | 107.00 | 0 | 0 | 0.00 | 0.00 |
| Philosophy | 0 | 2 | 0 | 1 | 20 | 58 | 82.00 | 0 | 1 | 0.00 | 0.00 |
| Popular Culture | 0 | 1 | 0 | 0 | 10 | 29 | 29.00 | 0 | 0 | 0.00 | 0.00 |
| History - American | 0 | 1 | 0 | 0 | 10 | 48 | 48.00 | 0 | 1 | 0.00 | 0.00 |
| Science - Other | 0 | 1 | 0 | 0 | 10 | 44 | 44.00 | 1 | 1 | 0.00 | 0.00 |
| Social Science | 0 | 0 | 1 | 0 | -5 | 0.00 | 0 | 0 | 0.00 | 0.00 | |
| Science - Physics | 0 | 0 | 1 | 0 | -5 | 0.00 | 0 | 0 | 0.00 | 0.00 | |
| Geography | 0 | 0 | 1 | 0 | -5 | 0.00 | 0 | 0 | 0.00 | 0.00 |